[Event "26. Torneo Collado Villalba"]
[Site "Collado Villalba ESP"]
[Date "2009.08.26"]
[Round "6.16"]
[White "Arias Castanedo, Jacinto"]
[Black "Bote Alvarez-Carrasco, Valentin"]
[Result "0-1"]
[WhiteElo "2023"]
[BlackElo "2190"]
[PlyCount "112"]
[EventDate "2009.08.21"]
[EventType "swiss"]
[EventRounds "9"]
[EventCountry "ESP"]
[Source "lmi"]
[SourceDate "2009.08.21"]

1. Nf3 d5 2. d4 Nc6 3. e3 Bg4 4. Be2 e6 5. Nbd2 Nf6 6. O-O Bd6 7. c4 dxc4 8.
Nxc4 O-O 9. a3 Re8 10. b4 Bf8 11. Bb2 Qd5 12. Qc2 a5 13. b5 Bxf3 14. gxf3 Qxb5
15. Ne5 Qb6 16. Rfb1 Nxe5 17. dxe5 Nd5 18. Bd4 Qc6 19. Qb3 a4 20. Qb2 Qd7 21.
Qxb7 Qe7 22. Qc6 Qg5+ 23. Kh1 Qh4 24. Rf1 Red8 25. f4 Qh3 26. Rfc1 Rab8 27.
Qxa4 Ra8 28. Qc6 Rxa3 29. Rxa3 Bxa3 30. Ra1 Rb8 31. Kg1 Bf8 32. Bf1 Qg4+ 33.
Bg2 Rd8 34. h3 Qh4 35. Bc5 Bxc5 36. Qxc5 h6 37. Rd1 g6 38. Qc6 Kg7 39. Bxd5
Rxd5 40. Rxd5 exd5 41. Qxd5 Qxh3 42. Qc6 Qg4+ 43. Kf1 Qd1+ 44. Kg2 Qd8 45. e4
Qe7 46. Kg3 h5 47. Qd5 Qe6 48. f3 Qb6 49. Qd2 Qg1+ 50. Kh3 Qh1+ 51. Kg3 c5 52.
f5 Qg1+ 53. Kh3 g5 54. Qd8 Qf1+ 55. Kg3 h4+ 56. Kg4 Qg2+ 0-1

[Event "26. Torneo Collado Villalba"]
[Site "Collado Villalba ESP"]
[Date "2009.08.26"]
[Round "6.17"]
[White "Collado Barbas, Laura"]
[Black "Castejon Caballero, Andres"]
[Result "1-0"]
[WhiteElo "2055"]
[BlackElo "2184"]
[PlyCount "81"]
[EventDate "2009.08.21"]
[EventType "swiss"]
[EventRounds "9"]
[EventCountry "ESP"]
[Source "lmi"]
[SourceDate "2009.08.21"]

1. d4 Nf6 2. c4 g6 3. Nc3 d5 4. Nf3 Bg7 5. Bg5 Ne4 6. cxd5 Nxg5 7. Nxg5 e6 8.
Qd2 h6 9. Nh3 exd5 10. Nf4 c6 11. e3 O-O 12. Be2 Qd6 13. O-O Nd7 14. a3 Nb6 15.
b4 g5 16. Nh5 f5 17. Nxg7 Kxg7 18. f3 Be6 19. Rab1 Nc4 20. Bxc4 dxc4 21. a4
Rad8 22. Rfd1 b6 23. Qe2 c5 24. bxc5 bxc5 25. Rb7+ Rf7 26. Rxf7+ Bxf7 27. dxc5
Qc7 28. Rxd8 Qxd8 29. Qb2 Kg8 30. Kf2 f4 31. Ne4 Qd3 32. exf4 gxf4 33. Qb8+ Kg7
34. Qxf4 Qd4+ 35. Qe3 Qb2+ 36. Kg3 Kg8 37. Qxh6 Qe5+ 38. Qf4 Qa1 39. Qg5+ Kf8
40. Qh6+ Ke8 41. Qf6 1-0

[Event "26. Torneo Collado Villalba"]
[Site "Collado Villalba ESP"]
[Date "2009.08.26"]
[Round "6.18"]
[White "Semprun Martinez, Fernando"]
[Black "Pastor Alonso De Prado, Emilio Alberto"]
[Result "1-0"]
[WhiteElo "2179"]
[BlackElo "2174"]
[PlyCount "65"]
[EventDate "2009.08.21"]
[EventType "swiss"]
[EventRounds "9"]
[EventCountry "ESP"]
[Source "lmi"]
[SourceDate "2009.08.21"]

1. e4 e5 2. Nf3 Nc6 3. Bb5 Nf6 4. O-O Nxe4 5. d4 Nd6 6. Bxc6 bxc6 7. dxe5 Nb7
8. Nc3 Be7 9. Ne4 O-O 10. Qd3 f6 11. exf6 Bxf6 12. Nfg5 g6 13. Qh3 h5 14. Nxf6+
Qxf6 15. Qg3 d6 16. Bd2 Nc5 17. b4 Ne6 18. Rae1 Nd4 19. Bc3 Bf5 20. Bxd4 Qxd4
21. Ne6 Qxb4 22. Nxf8 Rxf8 23. Re7 Rf7 24. Qg5 Bxc2 25. Rfe1 c5 26. Qd5 Qf4 27.
Rxf7 Qxf7 28. Qa8+ Kg7 29. Qd8 Qxa2 30. Re7+ Kf6 31. Qf8+ Kg5 32. h4+ Kg4 33.
Qf3+ 1-0

[Event "26. Torneo Collado Villalba"]
[Site "Collado Villalba ESP"]
[Date "2009.08.26"]
[Round "6.20"]
[White "Hernandez Yanez, Javier"]
[Black "Martin Martin, Luis Vicente"]
[Result "1-0"]
[WhiteElo "1922"]
[BlackElo "2095"]
[PlyCount "43"]
[EventDate "2009.08.21"]
[EventType "swiss"]
[EventRounds "9"]
[EventCountry "ESP"]
[Source "lmi"]
[SourceDate "2009.08.21"]

1. d4 Nf6 2. Bf4 c5 3. e3 d5 4. c3 Nc6 5. Bd3 Bg4 6. f3 Bd7 7. Nd2 e6 8. Ne2
Nh5 9. Bg3 Nxg3 10. hxg3 h6 11. f4 Be7 12. Nf3 c4 13. Bc2 b5 14. g4 e5 15. g5
e4 16. Ne5 Nxe5 17. dxe5 Bg4 18. Qd2 Bxe2 19. Kxe2 Qd7 20. a4 h5 21. axb5 O-O
22. Bxe4 1-0

[Event "26. Torneo Collado Villalba"]
[Site "Collado Villalba ESP"]
[Date "2009.08.26"]
[Round "6.21"]
[White "Davicce Canada, Juan Antonio"]
[Black "Giese, Reinhard"]
[Result "1-0"]
[WhiteElo "2064"]
[BlackElo "2200"]
[PlyCount "41"]
[EventDate "2009.08.21"]
[EventType "swiss"]
[EventRounds "9"]
[EventCountry "ESP"]
[Source "lmi"]
[SourceDate "2009.08.21"]

1. d4 d5 2. c4 c6 3. Nc3 a6 4. a4 Nf6 5. e3 Nbd7 6. Nf3 Ne4 7. cxd5 Nxc3 8.
bxc3 cxd5 9. Ba3 e6 10. Bxf8 Kxf8 11. Bd3 Qa5 12. Qc2 Nb6 13. O-O Bd7 14. Rfb1
Ke7 15. Qb3 Nc4 16. Bxc4 dxc4 17. Qa3+ Kf6 18. Rxb7 Qd5 19. Rab1 Rhe8 20. Ne5
Rad8 21. f3 1-0

[Event "26. Torneo Collado Villalba"]
[Site "Collado Villalba ESP"]
[Date "2009.08.26"]
[Round "6.22"]
[White "Ponce Lopez, Miguel"]
[Black "Erice Alonso, Santiago"]
[Result "0-1"]
[WhiteElo "2185"]
[BlackElo "2068"]
[PlyCount "66"]
[EventDate "2009.08.21"]
[EventType "swiss"]
[EventRounds "9"]
[EventCountry "ESP"]
[Source "lmi"]
[SourceDate "2009.08.21"]

1. e4 c5 2. Nf3 Nc6 3. d4 cxd4 4. Nxd4 g6 5. Nxc6 bxc6 6. Qd4 Nf6 7. e5 Ng8 8.
Bc4 Bg7 9. O-O d5 10. Bb3 Nh6 11. f4 O-O 12. Nc3 Ba6 13. Re1 e6 14. Qc5 Bb7 15.
Be3 Nf5 16. Bf2 f6 17. Qb4 Qc7 18. g4 a5 19. Qa3 fxe5 20. gxf5 Rxf5 21. Qc5 Qf7
22. Rad1 Rxf4 23. Bg3 Rf5 24. Na4 Bf8 25. Qe3 e4 26. c4 Rf3 27. Qb6 Ra6 28. Qd8
Ra8 29. Qb6 Ra6 30. Qd4 Bg7 31. Be5 Rf5 32. Bxg7 Rg5+ 33. Kh1 Qf3# 0-1

[Event "26. Torneo Collado Villalba"]
[Site "Collado Villalba ESP"]
[Date "2009.08.26"]
[Round "6.23"]
[White "Rodrigo Yanguas, Maria"]
[Black "Rodriguez Gomez, Vicente"]
[Result "1/2-1/2"]
[WhiteElo "2112"]
[BlackElo "1990"]
[PlyCount "73"]
[EventDate "2009.08.21"]
[EventType "swiss"]
[EventRounds "9"]
[EventCountry "ESP"]
[Source "lmi"]
[SourceDate "2009.08.21"]

1. e4 e5 2. Nf3 Nc6 3. Bc4 Nf6 4. Ng5 d5 5. exd5 Na5 6. Bb5+ c6 7. dxc6 bxc6 8.
Qf3 Rb8 9. Bxc6+ Nxc6 10. Qxc6+ Nd7 11. d3 Be7 12. Nf3 O-O 13. Be3 Rxb2 14.
Nbd2 Rb4 15. O-O Bb7 16. Qc3 Rg4 17. h3 Rg6 18. Kh1 Qa8 19. Qc7 Rd8 20. Rab1
Bc6 21. Qxa7 Qc8 22. Rb3 f5 23. Rfb1 f4 24. Bb6 Re8 25. Rc3 Bd6 26. Ne4 Bb8 27.
Qa3 Qb7 28. Nh4 Bxe4 29. Nxg6 Bxg2+ 30. Kh2 hxg6 31. Rg1 f3 32. Qb3+ Kh7 33.
Bc7 Qa7 34. Qf7 Nf6 35. Rc6 Qxf2 36. Rxf6 Bf1+ 37. Kh1 1/2-1/2

[Event "26. Torneo Collado Villalba"]
[Site "Collado Villalba ESP"]
[Date "2009.08.26"]
[Round "6.24"]
[White "Nunez Reiz, Antonio"]
[Black "Gordillo, Manuel"]
[Result "1/2-1/2"]
[WhiteElo "2110"]
[BlackElo "1988"]
[PlyCount "61"]
[EventDate "2009.08.21"]
[EventType "swiss"]
[EventRounds "9"]
[EventCountry "ESP"]
[Source "lmi"]
[SourceDate "2009.08.21"]

1. e4 e6 2. d4 d5 3. Nc3 Bb4 4. e5 c5 5. a3 Bxc3+ 6. bxc3 Qc7 7. Nf3 b6 8. Bb5+
Bd7 9. Bd3 Ba4 10. O-O h6 11. c4 Ne7 12. Qe2 cxd4 13. cxd5 Nxd5 14. Nxd4 Nd7
15. c4 Ne7 16. f4 Rd8 17. Nxe6 fxe6 18. Qh5+ Kf8 19. f5 Nxe5 20. f6 Rxd3 21.
fxe7+ Kxe7 22. Bb2 g5 23. Bxe5 Qxe5 24. Qf7+ Kd6 25. Qxa7 Bc6 26. Rae1 Qd4+ 27.
Kh1 Qg4 28. Rf2 Rf8 29. Qxb6 Rxf2 30. Qd8+ Kc5 31. Qa5+ 1/2-1/2

[Event "26. Torneo Collado Villalba"]
[Site "Collado Villalba ESP"]
[Date "2009.08.26"]
[Round "6.27"]
[White "Luna Hermoso, Angel"]
[Black "Barahona Torrijos, Angel"]
[Result "0-1"]
[WhiteElo "2115"]
[BlackElo "1944"]
[PlyCount "20"]
[EventDate "2009.08.21"]
[EventType "swiss"]
[EventRounds "9"]
[EventCountry "ESP"]
[Source "lmi"]
[SourceDate "2009.08.21"]

1. e4 e5 2. Nc3 Nf6 3. f4 d5 4. fxe5 Nxe4 5. Nf3 Bg4 6. d4 Bb4 7. Bd2 Bxf3 8.
Qxf3 Qh4+ 9. g3 Nxd2 10. Qxd5 Qxd4 0-1

[Event "26. Torneo Collado Villalba"]
[Site "Collado Villalba ESP"]
[Date "2009.08.26"]
[Round "6.28"]
[White "Lopez Heras, Arturo"]
[Black "Zanoletty Garcia, David"]
[Result "1-0"]
[WhiteElo "1931"]
[BlackElo "2014"]
[PlyCount "75"]
[EventDate "2009.08.21"]
[EventType "swiss"]
[EventRounds "9"]
[EventCountry "ESP"]
[Source "lmi"]
[SourceDate "2009.08.21"]

1. e4 e6 2. d4 d5 3. e5 c5 4. c3 Nc6 5. Nf3 Bd7 6. a3 f6 7. Bd3 Qc7 8. O-O
O-O-O 9. Re1 h6 10. b4 c4 11. Bc2 f5 12. a4 Be8 13. Na3 Bh5 14. Nb5 Qf7 15. Qe2
g5 16. Ba3 g4 17. Nd2 g3 18. f3 gxh2+ 19. Kxh2 Qg7 20. Nd6+ Kb8 21. a5 Rd7 22.
b5 Nce7 23. b6 a6 24. Ba4 Rd8 25. N2xc4 dxc4 26. Qxc4 Nd5 27. Nxb7 Rc8 28. Nc5
Bxc5 29. Bxc5 Rxc5 30. Qxc5 Qe7 31. Qc4 Nf4 32. Kg1 Bxf3 33. Qc7+ Qxc7 34.
bxc7+ Kxc7 35. gxf3 Ne7 36. Kh2 Rg8 37. Rg1 Neg6 38. Rab1 1-0

[Event "26. Torneo Collado Villalba"]
[Site "Collado Villalba ESP"]
[Date "2009.08.26"]
[Round "6.29"]
[White "Martin-Consuegra Barrilero, Javier"]
[Black "Serrano Nunez, Dario"]
[Result "1/2-1/2"]
[WhiteElo "1891"]
[BlackElo "1997"]
[PlyCount "39"]
[EventDate "2009.08.21"]
[EventType "swiss"]
[EventRounds "9"]
[EventCountry "ESP"]
[Source "lmi"]
[SourceDate "2009.08.21"]

1. d4 Nf6 2. Nf3 e6 3. a3 b6 4. Bg5 Be7 5. c4 Bb7 6. e3 O-O 7. Nc3 c5 8. dxc5
bxc5 9. Be2 Ne4 10. Bxe7 Qxe7 11. Nxe4 Bxe4 12. O-O Nc6 13. Nd2 Bg6 14. Bf3
Rab8 15. b3 Rb6 16. Be4 Rfb8 17. Bxc6 Rxc6 18. Qc1 d5 19. Qc3 Rcb6 20. Rfc1
1/2-1/2

[Event "26. Torneo Collado Villalba"]
[Site "Collado Villalba ESP"]
[Date "2009.08.26"]
[Round "6.30"]
[White "Rodriguez De Robles, Ignacio"]
[Black "Velasco Garcia, Jorge Juan"]
[Result "0-1"]
[WhiteElo "1993"]
[BlackElo "1913"]
[PlyCount "60"]
[EventDate "2009.08.21"]
[EventType "swiss"]
[EventRounds "9"]
[EventCountry "ESP"]
[Source "lmi"]
[SourceDate "2009.08.21"]

1. e4 e5 2. Nf3 Nf6 3. Nc3 d6 4. Bc4 Be7 5. d3 O-O 6. h3 Nc6 7. a3 Nd4 8. Nxd4
exd4 9. Ne2 d5 10. exd5 Re8 11. O-O Nxd5 12. Nxd4 Bf6 13. Qf3 Nb6 14. Nf5 Nxc4
15. dxc4 Be6 16. Ne3 Qd4 17. c3 Qh4 18. Nd5 Be5 19. b3 h5 20. Nf4 g5 21. Nxh5
g4 22. Nf6+ Bxf6 23. hxg4 Bxg4 24. Qxb7 Rab8 25. Qc6 Re6 26. Qc5 Re5 27. Qxc7
Rc8 28. Qxa7 Bf3 29. Qd4 Re4 30. Qd3 Be5 0-1

[Event "26. Torneo Collado Villalba"]
[Site "Collado Villalba ESP"]
[Date "2009.08.26"]
[Round "6.32"]
[White "Collado Barbas, Alberto"]
[Black "Tevar Sanz, Gonzalo"]
[Result "1-0"]
[WhiteElo "1986"]
[BlackElo "1882"]
[PlyCount "67"]
[EventDate "2009.08.21"]
[EventType "swiss"]
[EventRounds "9"]
[EventCountry "ESP"]
[Source "lmi"]
[SourceDate "2009.08.21"]

1. d4 Nf6 2. c4 c5 3. d5 b5 4. cxb5 a6 5. bxa6 Bxa6 6. Nc3 g6 7. g3 Bg7 8. Bg2
d6 9. Nf3 Nbd7 10. Rb1 O-O 11. O-O Ng4 12. Bd2 Nb6 13. b3 Bb7 14. e4 Bxc3 15.
Bxc3 Rxa2 16. h3 Nf6 17. Re1 Nfd7 18. Qc1 e5 19. dxe6 fxe6 20. Ng5 Qe7 21. e5
Nd5 22. exd6 Qxd6 23. Bb2 e5 24. Ne4 Qb6 25. Qc4 Qb4 26. Nd6 Rxb2 27. Bxd5+
Bxd5 28. Qxb4 Rbxf2 29. Ne4 Ra2 30. Qc3 Bxe4 31. Qc4+ Kh8 32. Qxe4 Rff2 33. Rf1
Nf6 34. Rxf2 1-0

[Event "26. Torneo Collado Villalba"]
[Site "Collado Villalba ESP"]
[Date "2009.08.26"]
[Round "6.34"]
[White "Medrano Del Val, Julio"]
[Black "Rodriguez Aguilera, Aurelio"]
[Result "0-1"]
[WhiteElo "1810"]
[BlackElo "1967"]
[PlyCount "57"]
[EventDate "2009.08.21"]
[EventType "swiss"]
[EventRounds "9"]
[EventCountry "ESP"]
[Source "lmi"]
[SourceDate "2009.08.21"]

1. d4 d5 2. Nf3 Nf6 3. c4 e6 4. Nc3 c6 5. g3 Be7 6. e3 O-O 7. Ne5 Nbd7 8. f4
Nxe5 9. fxe5 Ne8 10. Bd3 f6 11. O-O fxe5 12. Rxf8+ Bxf8 13. dxe5 Qg5 14. Qf3
Qxe5 15. Bxh7+ Kxh7 16. Qxf8 Nf6 17. cxd5 exd5 18. Ne2 Qe4 19. Nc3 Qf3 20. Qb4
Ne4 21. Nxe4 dxe4 22. Qe7 Qd1+ 23. Kg2 Bg4 24. Qxe4+ Kh8 25. Qf4 Qe2+ 26. Kg1
Bf3 27. Qh4+ Kg8 28. Qh3 Bd5 29. b3 0-1

[Event "26. Torneo Collado Villalba"]
[Site "Collado Villalba ESP"]
[Date "2009.08.26"]
[Round "6.35"]
[White "Benitez Cadenas, Luis Miguel"]
[Black "Perez Cameselle, Francisco"]
[Result "0-1"]
[WhiteElo "1754"]
[BlackElo "1958"]
[PlyCount "82"]
[EventDate "2009.08.21"]
[EventType "swiss"]
[EventRounds "9"]
[EventCountry "ESP"]
[Source "lmi"]
[SourceDate "2009.08.21"]

1. d4 Nf6 2. c4 e6 3. Nc3 Bb4 4. e3 O-O 5. Bd3 d6 6. Nge2 Nbd7 7. O-O Bxc3 8.
Nxc3 a5 9. e4 e5 10. dxe5 dxe5 11. Bg5 h6 12. Bh4 g5 13. Bg3 c6 14. h3 Qe7 15.
Qe2 Re8 16. Nd1 Nc5 17. Bc2 Bd7 18. f3 Nh5 19. Bf2 Nf4 20. Qe3 Nce6 21. Kh2 Nd4
22. Bd3 Bxh3 23. Rg1 Bd7 24. g3 Nh3 25. Rg2 Nxf2 26. Nxf2 Kg7 27. f4 f6 28. Rh1
Rh8 29. f5 h5 30. Kg1 Qb4 31. Rgh2 Qxb2 32. Nh3 Qa1+ 33. Kg2 Qxa2+ 34. Kg1 Qa1+
35. Kg2 Qb2+ 36. Kg1 Qc3 37. Nxg5 Rag8 38. Rxh5 Rxh5 39. Rxh5 Kf8 40. Nh3 Rxg3+
41. Qxg3 Ne2+ 0-1

[Event "26. Torneo Collado Villalba"]
[Site "Collado Villalba ESP"]
[Date "2009.08.26"]
[Round "6.36"]
[White "Baeza Escudero, Javier"]
[Black "Franco Rincon, David"]
[Result "1/2-1/2"]
[WhiteElo "1946"]
[BlackElo "1787"]
[PlyCount "92"]
[EventDate "2009.08.21"]
[EventType "swiss"]
[EventRounds "9"]
[EventCountry "ESP"]
[Source "lmi"]
[SourceDate "2009.08.21"]

1. e4 e5 2. Nf3 Nc6 3. d4 exd4 4. Nxd4 Bc5 5. Be3 Qf6 6. c3 Nge7 7. Bc4 Ne5 8.
Be2 Qg6 9. O-O d6 10. Nb5 O-O 11. Bxc5 dxc5 12. Nxc7 Bh3 13. Bf3 Rad8 14. Nd5
Nxd5 15. exd5 Nxf3+ 16. Qxf3 Bg4 17. Qg3 Rxd5 18. Na3 Rfd8 19. Nc4 Be2 20. Ne3
Qxg3 21. hxg3 Bxf1 22. Nxd5 Bc4 23. Ne3 Be6 24. b3 Rd3 25. c4 Kf8 26. Rd1 Rxd1+
27. Nxd1 Ke7 28. Nc3 Bf5 29. f3 Ke6 30. Kf2 Bd3 31. f4 a6 32. Ke3 Bf1 33. Ne4
Bxg2 34. Nxc5+ Kf5 35. Nd3 h5 36. b4 Be4 37. Nc5 Bc6 38. a4 Kf6 39. b5 axb5 40.
cxb5 Bg2 41. a5 Ke7 42. Kd4 Kd6 43. Ne4+ Kd7 44. Ke5 f6+ 45. Kd4 Kc7 46. Ke3
Bf1 1/2-1/2

[Event "26. Torneo Collado Villalba"]
[Site "Collado Villalba ESP"]
[Date "2009.08.26"]
[Round "6.37"]
[White "Herrero Corada, Jose Ignacio"]
[Black "Rodriguez Yague, Fermin"]
[Result "1-0"]
[WhiteElo "1944"]
[BlackElo "1811"]
[PlyCount "107"]
[EventDate "2009.08.21"]
[EventType "swiss"]
[EventRounds "9"]
[EventCountry "ESP"]
[Source "lmi"]
[SourceDate "2009.08.21"]

1. e4 c5 2. d4 cxd4 3. Nf3 Nc6 4. c3 d5 5. exd5 Qxd5 6. cxd4 Bg4 7. Be2 Rd8 8.
Nc3 Qa5 9. O-O Nf6 10. Be3 e6 11. Qb3 Qb4 12. Qxb4 Nxb4 13. Nb5 Bd6 14. Nxd6+
Rxd6 15. Bb5+ Nc6 16. Ne5 a6 17. Nxc6 bxc6 18. Bxa6 Nd5 19. h3 Bh5 20. Rfc1 Kd7
21. a3 Ra8 22. Bd3 f5 23. g3 h6 24. h4 Nxe3 25. fxe3 g5 26. hxg5 hxg5 27. Kf2
Bg6 28. Rc5 Rd5 29. Rac1 Rxc5 30. Rxc5 Rb8 31. b4 Ra8 32. Rc3 g4 33. Bf1 Rc8
34. a4 Rb8 35. Rb3 Kd6 36. Bg2 Bf7 37. Rb2 Be8 38. a5 Bd7 39. Ke1 Kc7 40. Kd2
Bc8 41. Bf1 Ra8 42. Kc3 Bb7 43. Rh2 Ba6 44. Bxa6 Rxa6 45. Kc4 Kd6 46. Rh7 Ra8
47. Rb7 e5 48. Rb6 exd4 49. Kxd4 Ra7 50. a6 Rd7 51. Rb7 Rxb7 52. axb7 Kc7 53.
Ke5 Kxb7 54. Kxf5 1-0

[Event "26. Torneo Collado Villalba"]
[Site "Collado Villalba ESP"]
[Date "2009.08.26"]
[Round "6.38"]
[White "Ananian, Arman"]
[Black "Laynez Aspenberg, Jose"]
[Result "1/2-1/2"]
[WhiteElo "1790"]
[BlackElo "1932"]
[PlyCount "42"]
[EventDate "2009.08.21"]
[EventType "swiss"]
[EventRounds "9"]
[EventCountry "ESP"]
[Source "lmi"]
[SourceDate "2009.08.21"]

1. e4 c5 2. f4 d5 3. e5 Bf5 4. c3 Qa5 5. Nf3 e6 6. Qb3 Qb6 7. Na3 Qxb3 8. axb3
a6 9. Nb5 Kd7 10. c4 d4 11. d3 Nc6 12. Bd2 Rb8 13. Na3 Be7 14. Nc2 b5 15. Ra2
Nh6 16. Na1 bxc4 17. bxc4 a5 18. Be2 Ra8 19. O-O Nb4 20. Ra3 Rhb8 21. Rb1 Bd8
1/2-1/2

[Event "26. Torneo Collado Villalba"]
[Site "Collado Villalba ESP"]
[Date "2009.08.26"]
[Round "6.39"]
[White "Cano Mercado, Francisco Manuel"]
[Black "Garcia-Sanchez Navarro, Mariano"]
[Result "0-1"]
[WhiteElo "1920"]
[BlackElo "1600"]
[PlyCount "110"]
[EventDate "2009.08.21"]
[EventType "swiss"]
[EventRounds "9"]
[EventCountry "ESP"]
[Source "lmi"]
[SourceDate "2009.08.21"]

1. d4 Nf6 2. Bg5 d6 3. Nf3 Nbd7 4. Nbd2 g6 5. e4 Bg7 6. Bd3 O-O 7. Qe2 c5 8. c3
Nh5 9. O-O f6 10. Be3 cxd4 11. cxd4 e5 12. dxe5 dxe5 13. Nb3 b6 14. Bc4+ Kh8
15. Rad1 Qe7 16. Bd5 Rb8 17. Rc1 Bb7 18. Bxb7 Rxb7 19. Qc4 Rbb8 20. Qa6 f5 21.
Bg5 Bf6 22. Bh6 Rg8 23. Rfd1 fxe4 24. Qxa7 Rgd8 25. Nfd2 Nf4 26. Rc7 Nd5 27.
Rc4 e3 28. fxe3 Bg5 29. Bxg5 Qxg5 30. Nf1 Nxe3 31. Nxe3 Qxe3+ 32. Kh1 Qe2 33.
Rcc1 Nc5 34. Re1 Qxb2 35. Nxc5 bxc5 36. Qxc5 Rbc8 37. Qe3 Rxc1 38. Rxc1 Qd4 39.
Qxd4 Rxd4 40. Kg1 Kg7 41. Rc2 Kf6 42. Kf2 Kf5 43. Ke3 h5 44. Rd2 Re4+ 45. Kd3
Rf4 46. a3 Ra4 47. Ra2 e4+ 48. Kc3 Kf4 49. Kb3 Rd4 50. a4 e3 51. Kc3 Ke4 52.
Ra1 Rd3+ 53. Kc2 e2 54. a5 Ke3 55. a6 Rd2+ 0-1

[Event "26. Torneo Collado Villalba"]
[Site "Collado Villalba ESP"]
[Date "2009.08.26"]
[Round "6.40"]
[White "Prieto Velasco, Rafael"]
[Black "Fernandez Garcia, Ignacio"]
[Result "0-1"]
[WhiteElo "1727"]
[BlackElo "1958"]
[PlyCount "94"]
[EventDate "2009.08.21"]
[EventType "swiss"]
[EventRounds "9"]
[EventCountry "ESP"]
[Source "lmi"]
[SourceDate "2009.08.21"]

1. d4 Nf6 2. c4 d6 3. Nc3 g6 4. e4 Bg7 5. Be2 Nc6 6. Nf3 O-O 7. O-O Ng4 8. h3
Nh6 9. Be3 f5 10. Qd2 Nf7 11. d5 fxe4 12. Nxe4 Nce5 13. Rac1 c5 14. a3 b6 15.
Neg5 h6 16. Ne6 Bxe6 17. dxe6 Ng5 18. Nxg5 hxg5 19. Bxg5 Rf5 20. f4 Nc6 21. g4
Rxg5 22. fxg5 Bd4+ 23. Kg2 Ne5 24. Rf4 Qc8 25. Rxd4 cxd4 26. Qxd4 Qa6 27. Rc3
Rc8 28. b4 Rf8 29. Qe4 Qc8 30. Bd1 Kg7 31. c5 Qxe6 32. Bb3 Qc8 33. Kg3 bxc5 34.
Rxc5 Qb8 35. Rc3 Qb6 36. Re3 Qb5 37. Bd1 Qf1 38. Bf3 Qg1+ 39. Bg2 Qf2+ 40. Kh2
Rf4 41. Re2 Nxg4+ 42. hxg4 Qh4+ 43. Bh3 Rxe4 44. Rxe4 Qxg5 45. Kg3 e5 46. Rc4
Qe3+ 47. Kh4 g5+ 0-1

[Event "26. Torneo Collado Villalba"]
[Site "Collado Villalba ESP"]
[Date "2009.08.26"]
[Round "6.42"]
[White "Gonzalo Gonzalez, Francisco"]
[Black "Algaba Traspuesto, Jose Antonio"]
[Result "0-1"]
[WhiteElo "1853"]
[BlackElo "1746"]
[PlyCount "52"]
[EventDate "2009.08.21"]
[EventType "swiss"]
[EventRounds "9"]
[EventCountry "ESP"]
[Source "lmi"]
[SourceDate "2009.08.21"]

1. e4 e6 2. Nf3 d5 3. exd5 exd5 4. Nc3 Nf6 5. d4 Bb4 6. Bd2 Qe7+ 7. Be2 O-O 8.
O-O c6 9. Re1 Be6 10. Ne5 Nbd7 11. f4 Nxe5 12. fxe5 Nd7 13. Bf3 f6 14. exf6
Qxf6 15. Be3 Rae8 16. Qd2 Qg6 17. Qe2 Nf6 18. a3 Bd6 19. Qd2 Bg4 20. Bxg4 Nxg4
21. g3 Nxe3 22. Rxe3 Bf4 23. Nd1 Qg5 24. h4 Bxe3+ 25. Nxe3 Qxe3+ 26. Qxe3 Rxe3
0-1

[Event "26. Torneo Collado Villalba"]
[Site "Collado Villalba ESP"]
[Date "2009.08.27"]
[Round "7.1"]
[White "Teske, Henrik"]
[Black "Vazquez Igarza, Renier"]
[Result "1/2-1/2"]
[WhiteElo "2536"]
[BlackElo "2570"]
[PlyCount "31"]
[EventDate "2009.08.21"]
[EventType "swiss"]
[EventRounds "9"]
[EventCountry "ESP"]
[Source "lmi"]
[SourceDate "2009.08.21"]

1. d4 d5 2. Nf3 Nf6 3. c4 c6 4. e3 Bg4 5. Nc3 e6 6. Qb3 Qb6 7. Nh4 Bh5 8. h3
Be7 9. g4 Bg6 10. Nxg6 hxg6 11. Bg2 Qa6 12. Bf1 Qb6 13. Bg2 Qa6 14. Bf1 Qb6 15.
Bg2 Qa6 16. Bf1 1/2-1/2

[Event "26. Torneo Collado Villalba"]
[Site "Collado Villalba ESP"]
[Date "2009.08.27"]
[Round "7.2"]
[White "Perez Gonzalez, Jose Manuel"]
[Black "Barria Zuniga, Daniel"]
[Result "1/2-1/2"]
[WhiteElo "2307"]
[BlackElo "2426"]
[PlyCount "43"]
[EventDate "2009.08.21"]
[EventType "swiss"]
[EventRounds "9"]
[EventCountry "ESP"]
[Source "lmi"]
[SourceDate "2009.08.21"]

1. e4 c5 2. Nf3 e6 3. d4 cxd4 4. Nxd4 Nc6 5. Nc3 Qc7 6. Be3 Nf6 7. f3 Bb4 8.
Ndb5 Qb8 9. a3 Be7 10. g4 O-O 11. Qd2 a6 12. Nd4 b5 13. Nce2 Bb7 14. Ng3 Rd8
15. g5 Ne8 16. f4 Qc7 17. Bd3 Na5 18. b3 Nc6 19. O-O Rac8 20. Qf2 Nxd4 21. Bxd4
Bc5 22. a4 1/2-1/2

[Event "26. Torneo Collado Villalba"]
[Site "Collado Villalba ESP"]
[Date "2009.08.27"]
[Round "7.4"]
[White "Moreno Ruiz, Javier"]
[Black "Gallardo Garcia, Andres"]
[Result "1-0"]
[WhiteElo "2418"]
[BlackElo "2414"]
[PlyCount "46"]
[EventDate "2009.08.21"]
[EventType "swiss"]
[EventRounds "9"]
[EventCountry "ESP"]
[Source "lmi"]
[SourceDate "2009.08.21"]

1. c4 e6 2. g3 d5 3. Bg2 Nf6 4. Nf3 dxc4 5. O-O b5 6. a4 Bb7 7. b3 cxb3 8. Qxb3
a6 9. Ba3 c6 10. Bxf8 Kxf8 11. d4 Nbd7 12. Nbd2 g6 13. e4 Kg7 14. e5 Nd5 15.
Ne4 c5 16. dxc5 b4 17. Rfc1 Bc6 18. Nd4 Qc7 19. f4 Rhc8 20. Nd6 Rcb8 21. f5 Nf8
22. fxe6 fxe6 23. Rf1 Be8 1-0

[Event "26. Torneo Collado Villalba"]
[Site "Collado Villalba ESP"]
[Date "2009.08.27"]
[Round "7.5"]
[White "Madina Yadarola, Martin A"]
[Black "Elissalt Cardenas, Hector"]
[Result "0-1"]
[WhiteElo "2250"]
[BlackElo "2317"]
[PlyCount "78"]
[EventDate "2009.08.21"]
[EventType "swiss"]
[EventRounds "9"]
[EventCountry "ESP"]
[Source "lmi"]
[SourceDate "2009.08.21"]

1. b3 e5 2. Bb2 d6 3. e3 Nf6 4. Nf3 g6 5. d4 exd4 6. Nxd4 Bg7 7. Be2 O-O 8. Nd2
Re8 9. O-O Nbd7 10. a4 a5 11. Nb5 d5 12. Bd4 Nf8 13. Bb2 Ne6 14. Qc1 c6 15. Nd4
Nc5 16. Re1 Bd7 17. c3 Rc8 18. Qc2 h5 19. b4 Nce4 20. Nxe4 Nxe4 21. Nf3 Bf5 22.
Qb3 Qb6 23. Ra3 Nxf2 24. Kxf2 Rxe3 25. Kf1 Rce8 26. bxa5 Qc7 27. Qd1 Bg4 28.
Bc1 R3e6 29. Bd2 Qe7 30. Rb3 Bf5 31. Nd4 Bxd4 32. cxd4 Qh4 33. Qc1 Qxh2 34. Kf2
Qh4+ 35. Kf1 Rxe2 36. Rxe2 Qh1+ 37. Kf2 Rxe2+ 38. Kxe2 Qxg2+ 39. Ke1 Bg4 0-1